[Event "Taujenai-ch rapid"]
[Site "Taujenai"]
[Date "2023.10.28"]
[Round "3"]
[White "Leclere, Daniel"]
[Black "Urbanaviciute, Danute"]
[Result "1-0"]
[WhiteElo "2041"]
[BlackElo "1493"]
[PlyCount "47"]
[EventDate "2023.10.28"]
[EventType "swiss (rapid)"]
[EventRounds "10"]
[EventCountry "LTU"]
[SourceTitle "Mega2024 Update 01"]
[Source "Chessbase"]
[SourceDate "2023.11.12"]
[SourceVersion "1"]
[SourceVersionDate "2023.11.12"]
[SourceQuality "1"]

1. c4 Nf6 2. Nc3 e6 3. Nf3 Be7 4. d4 d5 5. cxd5 exd5 6. Bf4 0-0 7. e3 c6 8. Bd3 Bg4 9. h3 Bh5 10. 0-0 Nbd7 11. Rc1 Rc8 12. Be2 h6 13. Ne5 Bxe2 14. Qxe2 Nxe5 15. dxe5 Nd7 16. Rfd1 Bg5 17. Qg4 Re8 18. h4 Nxe5 19. Bxe5 Rxe5 20. hxg5 Rxg5 21. Qf3 Qe7 22. Nxd5 Qe5 23. Qh3 Re8 24. f4 1-0

[Event "LTU-ch sf"]
[Site "Vilnius"]
[Date "2022.04.11"]
[Round "6"]
[White "Morkunas, Gustas"]
[Black "Leclere, Daniel"]
[Result "1-0"]
[WhiteElo "1938"]
[BlackElo "1730"]
[PlyCount "51"]
[EventDate "2022.04.08"]
[EventType "swiss"]
[EventRounds "9"]
[EventCountry "LTU"]
[SourceTitle "CBM 207 Extra"]
[Source "ChessBase"]
[SourceDate "2022.05.31"]
[SourceVersion "1"]
[SourceVersionDate "2022.05.31"]
[SourceQuality "1"]

1. e4 c5 2. Nf3 e6 3. d4 cxd4 4. Nxd4 a6 5. Nc3 Qc7 6. Bd3 b5 7. 0-0 Bb7 8. Re1 Nf6 9. a3 Nc6 10. Nxc6 dxc6 11. a4 b4 12. Nb1 c5 13. Nd2 0-0-0 14. Qe2 a5 15. Ba6 Qb6 16. Bxb7+ Kxb7 17. Nc4 Qc7 18. b3 Be7 19. Bb2 Ra8 20. c3 bxc3 21. Bxc3 Ra6 22. Red1 Rd8 23. Rxd8 Qxd8 24. Rd1 Qc7 25. Qe1 Bd8 26. Be5 1-0

[Event "EU-ch Amateur Online 1700/2000"]
[Site "Tornelo INT"]
[Date "2021.04.24"]
[Round "7"]
[White "Leclere, Daniel"]
[Black "Stefanidi, Maria Anna"]
[Result "1-0"]
[WhiteElo "1800"]
[BlackElo "1983"]
[PlyCount "73"]
[EventDate "2021.04.24"]
[EventType "swiss (rapid)"]
[EventRounds "8"]
[EventCountry "NET"]
[SourceTitle "EXT 2023"]
[Source "ChessBase"]
[SourceDate "2022.10.05"]
[SourceVersion "1"]
[SourceVersionDate "2022.10.05"]
[SourceQuality "1"]

1. e4 c5 2. Nf3 d6 3. Bb5+ Bd7 4. Bxd7+ Nxd7 5. 0-0 Ngf6 6. Re1 e6 7. b3 Be7 8. Bb2 0-0 9. c4 a6 10. d4 Qc7 11. Nc3 Rfd8 12. Qd2 Rac8 13. Rad1 Qb8 14. h3 b5 15. cxb5 axb5 16. Qe3 c4 17. b4 d5 18. e5 Ne8 19. a3 g6 20. Qh6 Bf8 21. Qh4 Bg7 22. Bc1 Nf8 23. Bh6 Rd7 24. g4 Ra7 25. Ra1 Qb6 26. Bg5 Rca8 27. Bc1 Nc7 28. Bb2 Na6 29. g5 Nb8 30. Qg4 Nc6 31. h4 Nd7 32. Red1 Ncxe5 33. dxe5 Nxe5 34. Nxe5 Bxe5 35. Nxd5 exd5 36. Bxe5 Rxa3 37. Rxa3 1-0

[Event "Wch FIDE Online U14 Europe qual"]
[Site "Tornelo INT"]
[Date "2020.12.09"]
[Round "6"]
[White "Leclere, Daniel"]
[Black "Talibov, Shiroghlan"]
[Result "1-0"]
[WhiteElo "1681"]
[BlackElo "2128"]
[PlyCount "65"]
[EventDate "2020.12.07"]
[EventType "swiss (rapid)"]
[EventRounds "7"]
[EventCountry "ISS"]
[SourceTitle "EXT 2022"]
[Source "ChessBase"]
[SourceDate "2021.10.06"]
[SourceVersion "1"]
[SourceVersionDate "2021.10.06"]
[SourceQuality "1"]

1. d4 d5 2. c4 e6 3. Nf3 c6 4. Qc2 Nf6 5. g3 Bd6 6. Nbd2 0-0 7. Bg2 Nbd7 8. 0-0 e5 9. dxe5 Nxe5 10. Nxe5 Bxe5 11. Nf3 Qe7 12. Nxe5 Qxe5 13. Bf4 Qh5 14. f3 Re8 15. Rfe1 Bf5 16. Qb3 Bc8 17. Rad1 b6 18. Bc1 Bh3 19. cxd5 cxd5 20. Bf4 Bxg2 21. Kxg2 Re6 22. Qd3 Rae8 23. h4 h6 24. Rd2 Rd8 25. e4 Rde8 26. e5 Nd7 27. Qxd5 R8e7 28. Qa8+ Kh7 29. g4 Qxh4 30. Rh1 Re8 31. Qe4+ f5 32. Qxf5+ g6 33. Qf7+ 1-0

[Event "Wch FIDE Online U14 Europe qual"]
[Site "Tornelo INT"]
[Date "2020.12.09"]
[Round "7"]
[White "Trost, Edvin"]
[Black "Leclere, Daniel"]
[Result "1-0"]
[WhiteElo "1947"]
[BlackElo "1681"]
[PlyCount "137"]
[EventDate "2020.12.07"]
[EventType "swiss (rapid)"]
[EventRounds "7"]
[EventCountry "ISS"]
[SourceTitle "EXT 2022"]
[Source "ChessBase"]
[SourceDate "2021.10.06"]
[SourceVersion "1"]
[SourceVersionDate "2021.10.06"]
[SourceQuality "1"]

1. d4 d5 2. Nf3 Nf6 3. c4 e6 4. Nc3 Be7 5. Bf4 a6 6. c5 Nbd7 7. e3 Nh5 8. Bd3 Nxf4 9. exf4 c6 10. b4 0-0 11. 0-0 Nf6 12. Ne5 Nd7 13. Qc2 h6 14. a4 Nxe5 15. fxe5 f6 16. f4 Bd7 17. b5 axb5 18. axb5 Rxa1 19. Rxa1 fxe5 20. fxe5 Bg5 21. Qe2 cxb5 22. Nxb5 Bxb5 23. Bxb5 Qe7 24. g3 b6 25. cxb6 Qb4 26. Ra4 Qb3 27. Kg2 Be3 28. b7 Qb1 29. Bd3 Qxb7 30. Qxe3 Qb2+ 31. Qe2 Qb3 32. Ra1 Qc3 33. Rf1 Rxf1 34. Kxf1 Qxd4 35. Kg2 Qc5 36. h4 d4 37. h5 Qd5+ 38. Kh2 Qd8 39. Qg4 Qe7 40. Qxd4 Qg5 41. Be2 Qe7 42. Qd6 Qe8 43. Bg4 Kf7 44. Kh3 Qc8 45. Bf3 Qe8 46. Be4 Kg8 47. Bg6 Qc8 48. Be4 Qe8 49. Kg4 Qc8 50. Kf4 Qe8 51. Ke3 Qc8 52. Bc6 Kh7 53. Kd4 Kh8 54. Kc5 Kh7 55. Qd7 Qb8 56. Qxe6 Qa7+ 57. Kd5 Qa2+ 58. Kd6 Qa3+ 59. Kd7 Qa7+ 60. Ke8 Qb8+ 61. Ke7 Qa7+ 62. Qd7 Qc5+ 63. Qd6 Qa7+ 64. Ke6 Qa2+ 65. Bd5 Qe2 66. Qd7 Qg4+ 67. Kd6 Qd1 68. Qe8 Qd3 69. Qg8# 1-0

[Event "Plunge op 40th"]
[Site "Plateliai"]
[Date "2020.07.17"]
[Round "7"]
[White "Sarauskas, Andrius"]
[Black "Leclere, Daniel"]
[Result "1-0"]
[WhiteElo "1900"]
[BlackElo "1751"]
[PlyCount "159"]
[EventDate "2020.07.13"]
[EventType "swiss"]
[EventRounds "9"]
[EventCountry "LTU"]
[SourceTitle "CBM 197 Extra"]
[Source "ChessBase"]
[SourceDate "2020.09.30"]
[SourceVersion "1"]
[SourceVersionDate "2020.09.30"]
[SourceQuality "1"]

1. g3 g6 2. Bg2 Bg7 3. c4 Nf6 4. Nc3 c5 5. e3 d6 6. Nge2 0-0 7. 0-0 Nc6 8. b3 a6 9. Bb2 Qc7 10. d3 Rb8 11. Qd2 b6 12. Nd5 Nxd5 13. Bxg7 Kxg7 14. cxd5 Ne5 15. d4 Nd7 16. Rfc1 Qd8 17. b4 cxb4 18. Qxb4 b5 19. Rab1 Nb6 20. e4 Bd7 21. Nf4 g5 22. Nd3 Nc4 23. Nb2 Nxb2 24. Rxb2 Qb6 25. Rbc2 Rfc8 26. Qd2 h6 27. e5 Rxc2 28. Rxc2 Rc8 29. Rxc8 Bxc8 30. Qc3 Bd7 31. e6 b4 32. Qe3 Be8 33. h4 f6 34. hxg5 hxg5 35. f4 g4 36. f5 Qa5 37. Qe2 Bh5 38. Kh2 Qb6 39. Qd1 a5 40. Bh3 Qd8 41. Bxg4 Be8 42. Kg2 Bb5 43. Bh5 Qh8 44. Be2 Bxe2 45. Qxe2 Qh6 46. Qd1 Qe3 47. Qg4+ Qg5 48. Qf3 a4 49. Qd3 Qg4 50. Qb5 Qxf5 51. Qb7 Qe4+ 52. Kh2 Qe2+ 53. Kh3 Qf1+ 54. Kh2 Qe2+ 55. Kh3 Kg6 56. Qxe7 Qh5+ 57. Kg2 Qe2+ 58. Kh1 Qd1+ 59. Kh2 Qc2+ 60. Kh3 Qf5+ 61. Kh2 Kh5 62. Qxd6 Qf2+ 63. Kh3 Qg1 64. g4+ Qxg4+ 65. Kh2 Qh4+ 66. Kg2 Qe4+ 67. Kh2 Qc2+ 68. Kh3 Qc3+ 69. Kh2 Qb2+ 70. Kh3 Qa3+ 71. Qg3 Qxg3+ 72. Kxg3 Kg6 73. d6 b3 74. axb3 axb3 75. d7 b2 76. d8Q b1Q 77. Qg8+ Kh5 78. Qf7+ Kg5 79. Qg7+ Kh5 80. Qxf6 1-0

[Event "Plunge op 40th"]
[Site "Plateliai"]
[Date "2020.07.16"]
[Round "6"]
[White "Leclere, Daniel"]
[Black "Stremavicius, Pijus"]
[Result "0-1"]
[WhiteElo "1751"]
[BlackElo "2163"]
[PlyCount "54"]
[EventDate "2020.07.13"]
[EventType "swiss"]
[EventRounds "9"]
[EventCountry "LTU"]
[SourceTitle "CBM 197 Extra"]
[Source "ChessBase"]
[SourceDate "2020.09.30"]
[SourceVersion "1"]
[SourceVersionDate "2020.09.30"]
[SourceQuality "1"]

1. e4 b6 2. c4 Bb7 3. Nc3 c5 4. Nf3 d6 5. d4 cxd4 6. Nxd4 Nf6 7. f3 e6 8. Be3 Be7 9. Qd2 a6 10. 0-0-0 Qc7 11. Kb1 Nbd7 12. g4 h6 13. Be2 Rc8 14. Rc1 Nc5 15. h4 Nfxe4 16. fxe4 Nxe4 17. Qc2 Nxc3+ 18. Qxc3 Bxh1 19. Rxh1 Bf6 20. Qe1 Ke7 21. b3 b5 22. cxb5 axb5 23. Bxb5 Qb7 24. Bc6 Rxc6 25. Nxc6+ Qxc6 26. Bf4 Qd5 27. Rh3 Qd4 0-1

[Event "Klaipeda Sea op-B 16th"]
[Site "Klaipeda"]
[Date "2019.07.25"]
[Round "4"]
[White "Spevak, Dovydas"]
[Black "Leclere, Daniel"]
[Result "0-1"]
[WhiteElo "1103"]
[BlackElo "1630"]
[PlyCount "152"]
[EventDate "2019.07.22"]
[EventType "swiss"]
[EventRounds "7"]
[EventCountry "LTU"]
[SourceTitle "CBM 191 Extra"]
[Source "ChessBase"]
[SourceDate "2019.09.30"]
[SourceVersion "1"]
[SourceVersionDate "2019.09.30"]
[SourceQuality "1"]

1. e4 e5 2. c4 Nf6 3. Nc3 Bc5 4. Be2 c6 5. Nf3 Ng4 6. 0-0 d6 7. h3 h5 8. a3 a5 9. d4 exd4 10. Nxd4 Qf6 11. Nf3 Nd7 12. Qd2 Nde5 13. Qg5 Nxf3+ 14. Bxf3 Qxg5 15. Bxg5 Ne5 16. Be2 Be6 17. b3 f6 18. Bd2 g5 19. Kh2 h4 20. f4 gxf4 21. Bxf4 Ke7 22. a4 Rag8 23. Nd1 Rg7 24. Ne3 Rhg8 25. Bxe5 fxe5 26. Ng4 Bxg4 27. Bxg4 Be3 28. Rf3 Bf4+ 29. Kg1 Rd8 30. Rd1 Rg6 31. Kf1 Rf6 32. Ke2 Rb8 33. Ra1 Rg8 34. Raf1 b5 35. axb5 cxb5 36. cxb5 Rb8 37. Ra1 Rxb5 38. Rc3 Rf8 39. Rc7+ Kf6 40. Rd7 Rxb3 41. Rxd6+ Kg5 42. Bf3 Rb2+ 43. Kd1 Rc8 44. Rd5 a4 45. Ra5 Rd8+ 46. Rd5 Ra8 47. Rd3 Rb4 48. Kc2 Rc4+ 49. Rc3 Rd4 50. Kb2 Bd2 51. Rca3 Rc8 52. Bd1 Rb4+ 53. Ka2 Bc1 54. Rxc1 Rxc1 55. Rxa4 Rxa4+ 56. Bxa4 Rc4 57. Kb3 Rxe4 58. Bc6 Re2 59. Kc3 Kf4 60. Bf3 Re3+ 61. Kd2 Rxf3 62. gxf3 Kxf3 63. Ke1 Ke3 64. Kf1 Kd2 65. Kf2 e4 66. Kf1 e3 67. Kg2 Ke2 68. Kg1 Ke1 69. Kg2 e2 70. Kg1 Kd2 71. Kg2 e1Q 72. Kh2 Qg3+ 73. Kh1 Qxh3+ 74. Kg1 Qg3+ 75. Kh1 Qf3+ 76. Kh2 h3 0-1

[Event "Klaipeda Sea op-B 16th"]
[Site "Klaipeda"]
[Date "2019.07.24"]
[Round "3"]
[White "Leclere, Daniel"]
[Black "Salna, Aleksandras"]
[Result "0-1"]
[WhiteElo "1630"]
[BlackElo "1973"]
[PlyCount "100"]
[EventDate "2019.07.22"]
[EventType "swiss"]
[EventRounds "7"]
[EventCountry "LTU"]
[SourceTitle "CBM 191 Extra"]
[Source "ChessBase"]
[SourceDate "2019.09.30"]
[SourceVersion "1"]
[SourceVersionDate "2019.09.30"]
[SourceQuality "1"]

1. e4 c5 2. f4 d5 3. Nc3 dxe4 4. Nxe4 Qc7 5. g3 Nf6 6. Nxf6+ exf6 7. Bg2 Be7 8. Nf3 0-0 9. 0-0 c4 10. b3 Be6 11. Bb2 Nc6 12. Kh1 Rfd8 13. bxc4 Bxc4 14. d3 a5 15. Qe2 Be6 16. a3 a4 17. Qf2 Ra5 18. Nd4 Bd5 19. Nxc6 Qxc6 20. Bxd5 Raxd5 21. Qg2 Rc8 22. Rf2 Rb5 23. Qxc6 Rxc6 24. Bd4 Rd5 25. Bb2 Rdc5 26. c4 Rd6 27. Rf3 Rc7 28. Bc3 Re6 29. Bb4 Re2 30. Kg1 Rb2 31. Rf2 Rb3 32. Re2 Bxb4 33. axb4 h5 34. Rxa4 Rxd3 35. c5 h4 36. Kf2 Kh7 37. Re3 Rd4 38. Rc3 Rd2+ 39. Kf3 Rxh2 40. b5 h3 41. b6 Rc8 42. Ra7 Rb2 43. Rc1 h2 44. Rxb7 Rxc5 45. Rh1 f5 46. Re7 Rcc2 47. b7 Kg6 48. Rhe1 h1Q+ 49. Rxh1 Rf2+ 50. Ke3 Rfe2+ 0-1

[Event "Plunge op-A 39th"]
[Site "Plateliai"]
[Date "2019.07.18"]
[Round "5"]
[White "Leclere, Daniel"]
[Black "Barsciauskas, Gintautas"]
[Result "0-1"]
[WhiteElo "1681"]
[BlackElo "1571"]
[PlyCount "60"]
[EventDate "2019.07.15"]
[EventType "swiss"]
[EventRounds "9"]
[EventCountry "LTU"]
[SourceTitle "CBM 191 Extra"]
[Source "ChessBase"]
[SourceDate "2019.09.30"]
[SourceVersion "1"]
[SourceVersionDate "2019.09.30"]
[SourceQuality "1"]

1. e4 c5 2. f4 d6 3. Nf3 Nc6 4. Bb5 Bd7 5. 0-0 e6 6. Re1 Be7 7. c3 a6 8. Bxc6 Bxc6 9. d4 d5 10. e5 g6 11. Nbd2 Nh6 12. Nf1 Nf5 13. Ne3 Nxe3 14. Bxe3 c4 15. Kf2 h5 16. g3 b5 17. a3 a5 18. h3 b4 19. axb4 axb4 20. Rxa8 Qxa8 21. Qd2 Qa4 22. Qd1 Qxd1 23. Rxd1 0-0 24. g4 hxg4 25. hxg4 bxc3 26. bxc3 Ra8 27. Rg1 Ra2+ 28. Bd2 Bd8 29. f5 Ba5 30. Ke3 Rc2 0-1